00793cam a2200217 a 45000010005000000030009000050050017000140080041000310200015000720400038000870820025001252450088001502500012002382600084002503000045003346500030003796500043004096500040004527000030004927100053005222056BD-DhUAP20210127135335.0200218r20051999ii b 001 0 eng  a9847560013 aBD-DhUAPcBD-DhUAPdBD-DhUAPbEng00a363.73095492 BAN223 aBangladesh, state of environment report, 1999 /bedited by Quamrul Islam Chowdhury. a5th ed. aDhaka, Bangladesh : bForum of Environmental Journalists of Bangladesh,c1999. aix, 249 pages :billustrations ;c21 cm. aPollution -- Bangladesh  aBangladesh -- Environmental conditions aEnvironmental policy -- Bangladesh. aChowdhury, Quamrul Islam  aForum of Environmental Journalists of Bangladesh